00450nam a2200157Ia 4500008004100000082002100041100002300062245004100085250000600126260002400132300000800156600002300164630004100187700002300228730004100251151018s9999 xx 000 0 und d bRBASDV60255a370 ashaubhada chaukar adr.homi bhabha balvaidnyanik spardha b1 b"menka ,pune"c2013 a124 ashaubhada chaukar adr.homi bhabha balvaidnyanik spardha ashaubhada chaukar adr.homi bhabha balvaidnyanik spardha